Les coachs de The Voice Belgique - Statistiques

Statistiques générales
  • Ce quiz a été pris 26 fois
  • Le résultat moyen est 8 sur 23
Statistiques - réponses
Saisons Coach % Correct
Saison 9 Loic Nottet
73%
Saison 1 Saison 2 Saison 3 Saison 4 Saison 5 Saison 6 Saison 7 Saison 9 Saison 11 BJ Scott
68%
Saison 7 Saison 8 Slimane
68%
Saison 7 Saison 8 Vitaa
59%
Animatrice(toutes les saisons) Maureen Louys
50%
Saison 8Saison 9 Saison 10 Typh Barrow
50%
Saison 2
Saison 3
Saison 6
Marc Pinilla(Suarez)
45%
Saison 1Saison 2 Saison 5 Saison 6 Quentin Mosimann
45%
Saison 10 Black M
36%
Saison 11 Mentissa
36%
Saison 1 Lio
32%
Saison 7Saison 8 Matthew Irons (Puggy)
32%
Saison 6 Bigflo & Oli
27%
Saison 11 Hatik
27%
Saison 9 Henry PFR
27%
Saison 1 Joshua(Groupe qui comprend Kid Noise)
27%
Saison 4 Chimène Badi
23%
Saison 2 Saison 3 Natasha St Pierre
23%
Saison 3 Bastian Baker
18%
Saison 5 Cats on trees
14%
Saison 10Saison 11 Christrophe Willems
9%
Saison 4Saison 5 Stanislas
5%
Saison 4 Jali
0%
Aucun quiz correspondant
Distribution des résultats
% des personnes avec chaque résultat
Percentile par nombre de réponses
Votre historique - résultats
Vous n’avez pas pris ce quiz